Харизма как средство достижения профессионального успеха; В мире научных открытий; № 7.2 (55)
| Parent link: | В мире научных открытий.— , 2008- № 7.2 (55).— 2014.— [С. 784-790] |
|---|---|
| Glavni avtor: | |
| Korporativna značnica: | |
| Drugi avtorji: | , |
| Izvleček: | Заглавие с экрана Личное обаяние, независимость в принятии решений, способность владеть собой, трудолюбие, хорошие риторические навыки, умение правильно одеваться служат достижению профессионального успеха. Вышеперечисленные качества личности связывают с понятием харизмы. В данной работе авторы исследует понятие харизмы, предлагают рекомендации по ее развитию. Personal charm, independence in decision-making, abili-ty to control feelings, industry, good rhetorical skills, ability to dress properly serve the professional success achievement. The above mentioned personal qualities are associated with the concept of charisma. In this paper the authors research the concept of charisma, offer recommendations for its development. Режим доступа: по договору с организацией-держателем ресурса |
| Jezik: | ruščina |
| Izdano: |
2014
|
| Teme: | |
| Online dostop: | http://elibrary.ru/item.asp?id=22468315 http://journal-s.org/index.php/vmno/article/view/3330 |
| Format: | MixedMaterials Elektronski Book Chapter |
| KOHA link: | https://koha.lib.tpu.ru/cgi-bin/koha/opac-detail.pl?biblionumber=642217 |
MARC
| LEADER | 00000nla0a2200000 4500 | ||
|---|---|---|---|
| 001 | 642217 | ||
| 005 | 20250127145248.0 | ||
| 035 | |a (RuTPU)RU\TPU\network\7156 | ||
| 090 | |a 642217 | ||
| 100 | |a 20150616d2014 k||y0rusy50 ca | ||
| 101 | 0 | |a rus | |
| 102 | |a RU | ||
| 135 | |a drcn ---uucaa | ||
| 181 | 0 | |a i | |
| 182 | 0 | |a b | |
| 200 | 1 | |a Харизма как средство достижения профессионального успеха |d Charisma as a means of professional success achievement |f М. В. Куимова, М. С. Киселева, В. И. Дьяченко | |
| 203 | |a Текст |c электронный | ||
| 300 | |a Заглавие с экрана | ||
| 320 | |a [Библиогр.: с. 790 (10 назв.)] | ||
| 330 | |a Личное обаяние, независимость в принятии решений, способность владеть собой, трудолюбие, хорошие риторические навыки, умение правильно одеваться служат достижению профессионального успеха. Вышеперечисленные качества личности связывают с понятием харизмы. В данной работе авторы исследует понятие харизмы, предлагают рекомендации по ее развитию. | ||
| 330 | |a Personal charm, independence in decision-making, abili-ty to control feelings, industry, good rhetorical skills, ability to dress properly serve the professional success achievement. The above mentioned personal qualities are associated with the concept of charisma. In this paper the authors research the concept of charisma, offer recommendations for its development. | ||
| 333 | |a Режим доступа: по договору с организацией-держателем ресурса | ||
| 461 | |t В мире научных открытий |d 2008- | ||
| 463 | |t № 7.2 (55) |v [С. 784-790] |d 2014 | ||
| 510 | 1 | |a Charisma as a means of professional success achievement |z eng | |
| 610 | 1 | |a электронный ресурс | |
| 610 | 1 | |a труды учёных ТПУ | |
| 610 | 1 | |a обучение | |
| 610 | 1 | |a профессиональный иностранный язык | |
| 610 | 1 | |a иноязычные коммуникации | |
| 610 | 1 | |a успешность | |
| 610 | 1 | |a личностные качества | |
| 610 | 1 | |a харизма | |
| 610 | 1 | |a труды | |
| 700 | 1 | |a Куимова |b М. В. |c лингвист |c заведующий кафедрой Томского политехнического университета, кандидат педагогических наук |f 1976- |g Марина Валерьевна |3 (RuTPU)RU\TPU\pers\27886 |9 12902 | |
| 701 | 1 | |a Киселева |b М. С. |g Мария Сергеевна | |
| 701 | 1 | |a Дьяченко |b В. И. | |
| 712 | 0 | 2 | |a Национальный исследовательский Томский политехнический университет (ТПУ) |b Институт неразрушающего контроля (ИНК) |b Кафедра иностранных языков Института неразрушающего контроля (ИЯНК) |3 (RuTPU)RU\TPU\col\18721 |
| 801 | 2 | |a RU |b 63413507 |c 20150616 |g RCR | |
| 856 | 4 | |u http://elibrary.ru/item.asp?id=22468315 | |
| 856 | 4 | |u http://journal-s.org/index.php/vmno/article/view/3330 | |
| 942 | |c CF | ||